00879 2200277 4500001002100000005001500021035002000036007000300056008004100059020002200100082001000122084001600132100003800148245015900186250001000345260003300355300003700388650001700425700002200442700001800464700001600482700002600498505005500524990001100579990001100590INLIS00000000000853420210423101621 a0010-0421000678ta210423 e 0 ind  a978-602-7637-43-6 a297.4 a297.4 FAI b0 aFAISAL,bin Abdul Aziz Alu Mubarak1 aBulughul Maram & Penjelasannya /cFaisal bin Abdul Aziz Alu Mubarak; editor, Ahmad Ihsanuddin, Arif Mahmudi; alih bahasa, Imam Fauji, Ikhwanuddin Abdillah acet.5 aJakarta :bUmmul Qura,c2018 axxii, 1200 hlm :bilus. ;c24 cm 4aISLAM, FIQIH0 aAHMAD, Ihsanuddin0 aARIF, Mahmudi0 aIMAM, Fauji0 aIKHWANUDDIN, Abdillah ajudul asli: Mukhtasharul kalam ala Bulugh al-Maram a8162 a a8441 a